World Cup History - Statistics

General Stats
  • This quiz has been taken 36 times
  • The average score is 81 of 110
Answer Stats
Hint Answer % Correct
Host | Winner Uruguay
100%
Year 1934
97%
Host | Runner Up | Winner Argentina
97%
Host | Runner Up | Winner Italy
97%
Year 1930
94%
Year 1938
94%
Year 2022
94%
Host | Runner Up | Winner Brazil
94%
Host | Runner Up | Winner France
94%
Year 1986
91%
Year 2002
91%
Year 2014
91%
Host | Winner Spain
91%
Year 1950
88%
Year 1954
88%
Year 1970
88%
Year 1974
88%
Year 1978
88%
Year 1982
88%
Year 1990
88%
Year 1994
88%
Year 1998
88%
Year 2006
88%
Year 2010
88%
Year 2018
88%
Host | Runner Up | Winner Germany
88%
Runner Up Netherlands
88%
Year 1958
85%
Year 1962
85%
Year 1966
85%
Host | Winner England
85%
Host South Korea & Japan
82%
Host Russia
79%
Runner Up Croatia
76%
Host Mexico
76%
Host Qatar
76%
Top Scorer Ronaldo
76%
Host USA
76%
Host | Runner Up | Winner West Germany
73%
Host South Africa
70%
Host | Runner Up Sweden
70%
Host Chile
67%
Top Scorer Diego Forlan, Thomas Muller, Wesley Sneijder & David Villa
64%
Runner Up Hungary
64%
Top Scorer Miroslav Klose
58%
Host Switzerland
58%
Runner Up Czechoslovakia
52%
Top Scorer Gerd Muller
52%
Top Scorer Kylian Mbappe
52%
Top Scorer Harry Kane
36%
Top Scorer James Rodriguez
27%
Top Scorer Gary Lineker
24%
Top Scorer Just Fontaine
24%
Top Scorer Paolo Rossi
24%
Top Scorer Eusebio
18%
Top Scorer Mario Kempes
18%
Runner Up Czechoslovakia
12%
Top Scorer Hristo Stoichkov & Oleg Salenko
12%
Top Scorer Salvatore Schillaci
12%
Top Scorer Davor Suker
9%
Top Scorer Garrincha, Vava, Leonel Sanchez, Florian Albert, Valentin Ivanov & Drazan Jerkovic
9%
Top Scorer Sandor Kocsis
6%
Top Scorer Grzegorz Lato
3%
Top Scorer Guillermo Stabile
3%
Top Scorer Oldrich Nejedly
3%
Top Scorer Ademir
0%
Top Scorer Leonidas
0%
No matching quizzes found
Score Distribution
Percent of People with Each Score
Percentile by Number Answered
Your Score History
You have not taken this quiz